Normal view
MARC view
Entry Personal Name
001 - CONTROL NUMBER
- control field: 74915
003 - CONTROL NUMBER IDENTIFIER
- control field: dpl
005 - DATE AND TIME OF LATEST TRANSACTION
- control field: 20241210170003.0
008 - FIXED-LENGTH DATA ELEMENTS
- fixed length control field: 241210|| aca||aabn | a|a d
040 ## - CATALOGING SOURCE
- Original cataloging agency: dpl
- Transcribing agency: dpl
100 ## - HEADING--PERSONAL NAME
- Personal name: Rajak, Brajesh
670 ## - SOURCE DATA FOUND
- Source citation: Work cat.: (dpl)207535: Rajak, Brajesh, Pornography Law:/, 2011
